Relaciones de trabajo en el servicio público / (Registro nro. 7699)

Detalles MARC
000 -LIDER
fixed length control field 01657nam a2200385 a 4500
001 - NÚMERO DE CONTROL
Identificador de número de control 000021815
003 - IDENTIFICACDOR DE NÚMERO DE CONTROL
control field DO-SdBNP
005 - DATE AND TIME OF LATEST TRANSACTION
control field 20180322144909.0
007 - CAMPOS FIJOS DE DESCRIPCIÓN FÍSICA
fixed length control field 000021815
008 - ELEMENTOS DE LONGITUD FIJA
fixed length control field 100913s1981 dr 001 0 spa d
040 ## - FUENTE DE CATALOGACIÓN
Agencia que crea de manera original el registro BPMSU
Idioma de catalogación spa
Agencia que realiza la transcripción BPMSU
082 #4 - NÚMERO DE CLASIFICACIÓN DECIMAL DE DEWEY
Edition number 350.6
Classification number C760r
111 ## - ASIENTO PRINCIPAL--NOMBRE DE REUNIÓN O CONFERENCIA
9 (RLIN)
Nombre de reunión o jurisdicción como elemento de entrada Congreso Nacional del Derecho del Trabajo y Seguridad Social
Lugar de la reunión Santo Domingo )
Fecha de la reunión 9-18 de septiembre de 1981
Número de la parte, sección o reunión (1:
245 00 - MENCIÓN DE TITULO
Título Relaciones de trabajo en el servicio público /
Mención de responsabilidad prólogo César Estrella Sadhala.
260 ## - PUBLICACIÓN, DISTRIBUCIÓN, ETC. (PIE DE IMPRENTA)
Lugar de publicación, distribución, etc Santo Domingo :
Nombre del editor, distribuidor, etc. ONAP,
Fecha de publicación, distribución, etc 1981.
300 ## - DESCRIPCIÓN FÍSICA
Extensión 126 p. ;
Dimensiones 23 cm.
490 1# - MENCIÓN DE SERIES
Mención de serie Seminarios
Volume/sequential designation 4
500 ## - NOTA GENERAL
Nota general Incluye las ponencias presentadas en el I Congreso Nacional del Derecho del Trabajo y Seguridad Social celebrado del 9 al 18 de septiembre de 1981, en Santo Domingo, RD.
504 ## - NOTA DE BIBLIOGRAFÍA, ETC.
Bibliography, etc Incluye bibliografía y notas al pie de páginas.
650 #4 - ENCABEZAMIENTO DE MATERIA--TEMÁTICO
Término temático o nombre geográfico como elemento de entrada ADMINISTRACIÓN DE PERSONAL
Subdivisión geográfica REPÚBLICA DOMINICANA
Subdivisión de forma ENSAYOS, CONFERENCIAS, ETC.
650 #4 - ENCABEZAMIENTO DE MATERIA--TEMÁTICO
Término temático o nombre geográfico como elemento de entrada FUNCIÓN PÚBLICA
Subdivisión geográfica REPÚBLICA DOMINICANA
Subdivisión de forma ENSAYOS, CONFERENCIAS, ETC.
650 #4 - ENCABEZAMIENTO DE MATERIA--TEMÁTICO
Término temático o nombre geográfico como elemento de entrada ECONOMÍA DEL TRABAJO
Subdivisión geográfica REPÚBLICA DOMINICANA
Subdivisión de forma ENSAYOS, CONFERENCIAS, ETC.
650 #4 - ENCABEZAMIENTO DE MATERIA--TEMÁTICO
Término temático o nombre geográfico como elemento de entrada RELACIONES INDUSTRIALES
Subdivisión geográfica REPÚBLICA DOMINICANA
Subdivisión de forma ENSAYOS, CONFERENCIAS, ETC.
651 #4 - ENCABEZAMIENTO DE MATERIA--NOMBRE GEOGRÁFICO
Nombre geográfico REPÚBLICA DOMINICANA
Subdivisión temática general ADMINISTRACIÓN PÚBLICA
700 ## - ASIENTO SECUNDARIO -- NOMBRE PERSONAL
Nombre personal Sadhala, César Estrella
Mención de responsabilidad pról.
830 #0 - ASIENTO SECUNDARIO DE SERIE--TÍTULO UNIFORME
Título uniforme Seminarios
Volume number/sequential designation 4
910 ## - VALIDACIÓN
Validación Validado. Control de calidad EMS.
930 #1 - EQUIVALENCE OR CROSS-REFERENCE-UNIFORM TITLE HEADING [LOCAL, CANADA]
Language of a work
Medium of performance for music
Medium
Field link and sequence number
Date of a work
Name of part/section of a work
Miscellaneous information
930 #1 - EQUIVALENCE OR CROSS-REFERENCE-UNIFORM TITLE HEADING [LOCAL, CANADA]
Language of a work
Medium of performance for music
Medium
Field link and sequence number
Date of a work
Name of part/section of a work
Miscellaneous information
942 ## - ADDED ENTRY ELEMENTS (KOHA)
Source of classification or shelving scheme Dewey Decimal Classification
Koha item type Libros
945 ## - INFORMACIÓN DE PROCESAMIENTO LOCAL
Información de procesamiento local Inventariado / 2017 VM
956 ## - LOCAL ELECTRONIC LOCATION AND ACCESS (OCLC)
Nombre de host
Número de acceso
Información de compresión
Inicio de sesión
Procesador de solicitud
956 ## - LOCAL ELECTRONIC LOCATION AND ACCESS (OCLC)
Nombre de host
Número de acceso
Información de compresión
Inicio de sesión
Procesador de solicitud
956 ## - LOCAL ELECTRONIC LOCATION AND ACCESS (OCLC)
Nombre de host VMATEO
Número de acceso 10
Información de compresión 20150424
Inicio de sesión BPMUS
Procesador de solicitud 00151
Existencias
Withdrawn status Lost status Source of classification or shelving scheme Damaged status Not for loan Collection code Home library Current library Date acquired Source of acquisition Total Checkouts Full call number Barcode Date last seen Price effective from Koha item type Copy number
    Dewey Decimal Classification     Colección Dominicana Biblioteca Pública Metropolitana Salomé Ureña Biblioteca Pública Metropolitana Salomé Ureña 04/24/2015 ONAP   350.6 C760r BPMSU15040066 04/24/2015   Libros  
    Dewey Decimal Classification     Colección Dominicana Biblioteca Pública Metropolitana Salomé Ureña Biblioteca Pública Metropolitana Salomé Ureña 04/24/2015 Presidencia de la República Dominicana   350.6 C760r BPMSU15040065 04/24/2015   Libros e. 2
    Dewey Decimal Classification     Colección Dominicana Biblioteca Pública Metropolitana Salomé Ureña Biblioteca Pública Metropolitana Salomé Ureña 04/24/2015 Donado embajada de Israel   350.6 C760r BPMSU15040069 04/24/2015 04/24/2015 Libros e. 3